International Desserts Multiple Choice - I - Statistics

General Stats
  • This quiz has been taken 36 times
  • The average score is 7 of 15
Answer Stats
Question Answer % Correct
Baklava
89%
Madeleine
80%
Baked Alaska
74%
Apple strudel
71%
Tres leches cake
57%
Quindim
57%
Halo-halo
51%
Cassata
51%
Vatrushka
51%
Zeppole
43%
Anzac biscuit
31%
Malva pudding
26%
Rødgrød
20%
Laddu
20%
Mississippi mud pie
14%
No matching quizzes found
Score Distribution
Percent of People with Each Score
Percentile by Number Answered
Your Score History
You have not taken this quiz